Yusuf-u- zulaika = Joseph and potiphar (Record no. 8207)

MARC details
000 -CABECERA
campo de control de longitud fija 01037nam a2200313 a 4500
001 - NÚMERO DE CONTROL
campo de control BRCA_8544
005 - FECHA Y HORA DE LA ÚLTIMA TRANSACCIÓN
campo de control 20190320210327.0
008 - DATOS DE LONGITUD FIJA--INFORMACIÓN GENERAL
campo de control de longitud fija 110816s1650----ag-a######---#000-0#----#
050 #4 - SIGNATURA TOPOGRÁFICA DE LA BIBLIOTECA DEL CONGRESO
Número de clasificación PN1010
Número de documento/Ítem .V35
-- 1650
100 1# - ENTRADA PRINCIPAL--NOMBRE DE PERSONA
Nombre de persona Valeh
9 (RLIN) 21416
245 10 - MENCIÓN DE TÍTULO
Título Yusuf-u- zulaika = Joseph and potiphar
Mención de responsabilidad, etc. Valeh
260 ## - PUBLICACIÓN, DISTRIBUCIÓN, ETC.
Lugar de publicación, distribución, etc. [s.l.]
Nombre del editor, distribuidor, etc. [s.i.]
Fecha de publicación, distribución, etc. 1650
300 ## - DESCRIPCIÓN FÍSICA
Extensión 179 p.
Otras características físicas lam. col.
Dimensiones 22 cm
500 ## - NOTA GENERAL
Nota general Fondo antiguo
500 ## - NOTA GENERAL
Nota general Se encuentra en Caja Fuerte
500 ## - NOTA GENERAL
Nota general Q-71
500 ## - NOTA GENERAL
Nota general Manuscrito persa
500 ## - NOTA GENERAL
Nota general Colofón a color
500 ## - NOTA GENERAL
Nota general 4 láminas a color páginas: 57,78,94 y 116
500 ## - NOTA GENERAL
Nota general Estado físico: páginas 171 y 178 rotas, p. 37 mutilada
500 ## - NOTA GENERAL
Nota general Con Ex- libris de: Franz Mayer
500 ## - NOTA GENERAL
Nota general Escrito en fina caligrafía Nastaliq
500 ## - NOTA GENERAL
Nota general Nota de encuadernación: en piel con cartón
506 0# - NOTA DE RESTRICCIONES AL ACCESO
Limitaciones de acceso Fondo reservado: para su consulta es necesario credencial de usuario y carta de motivos
650 14 - PUNTO DE ACCESO ADICIONAL DE MATERIA--TÉRMINO DE MATERIA
Término de materia o nombre geográfico como elemento de entrada Poesía
Término indicativo de función/relación persa
9 (RLIN) 17631
740 0# - PUNTO DE ACCESO ADICIONAL--TÍTULO RELACIONADO O ANALÍTICO NO CONTROLADO
Título relacionado o analítico no controlado Joseph and potiphar
902 ## - CATALOGADOR
Iniciales LAR
942 ## - ELEMENTOS DE PUNTO DE ACCESO ADICIONAL (KOHA)
Fuente del sistema de clasificación o colocación Library of Congress Classification
Tipo de ítem Koha Libros
Holdings
Estado de retiro Estado de pérdida Estado dañado No para préstamo Localización permanente Ubicación/localización actual Fecha de adquisición Número de inventario Total de préstamos Renovaciones totales Signatura topográfica completa Código de barras Fecha visto por última vez Fecha del último préstamo Precio válido a partir de Tipo de ítem Koha
El ejemplar forma parte de la colección y puede ser consultado según las políticas vigentes.       Biblioteca del Museo Franz Mayer (Rogerio Casas-Alatriste) Biblioteca del Museo Franz Mayer (Rogerio Casas-Alatriste) 11/08/2016 Q-71 1 1 PN1010 .V35 1650 (Q-71) LAR00048 09/05/2023 12/10/2021 22/03/2019 Libros